<?xml version="1.0" encoding="UTF-8"?>
<record
    xmlns:xsi="http://www.w3.org/2001/XMLSchema-instance"
    xsi:schemaLocation="http://www.loc.gov/MARC21/slim http://www.loc.gov/standards/marcxml/schema/MARC21slim.xsd"
    xmlns="http://www.loc.gov/MARC21/slim">

  <leader>01520cam a22003011a 4500</leader>
  <controlfield tag="001">ne 67000071 </controlfield>
  <controlfield tag="003">DLC</controlfield>
  <controlfield tag="005">20260227111828.0</controlfield>
  <controlfield tag="008">881028s1963    ua       b    001 0 ara  </controlfield>
  <datafield tag="010" ind1=" " ind2=" ">
    <subfield code="a">ne 67000071 </subfield>
  </datafield>
  <datafield tag="035" ind1=" " ind2=" ">
    <subfield code="a">(OCoLC)23486185</subfield>
  </datafield>
  <datafield tag="040" ind1=" " ind2=" ">
    <subfield code="a">DLC</subfield>
    <subfield code="c">MiU</subfield>
    <subfield code="d">DLC</subfield>
  </datafield>
  <datafield tag="050" ind1="0" ind2="0">
    <subfield code="a">BP193.1.A2</subfield>
    <subfield code="b">S49 1963</subfield>
  </datafield>
  <datafield tag="066" ind1=" " ind2=" ">
    <subfield code="c">(3</subfield>
  </datafield>
  <datafield tag="100" ind1="1" ind2=" ">
    <subfield code="6">880-01</subfield>
    <subfield code="a">Shar&#x12B;f al-Ra&#x1E0D;&#x12B;, Mu&#x1E25;ammad ibn al-&#x1E24;usayn,</subfield>
    <subfield code="d">969 or 970-1016.</subfield>
  </datafield>
  <datafield tag="245" ind1="1" ind2="0">
    <subfield code="6">880-02</subfield>
    <subfield code="a">Nahj al-bal&#x101;ghah :</subfield>
    <subfield code="b">wa-huwa m&#x101; jama&#x2BB;ahu al-Shar&#x12B;f al-Ra&#x1E0D;&#x12B; min kal&#x101;m Am&#x12B;r al-Mu&#x2BC;min&#x12B;n al-Im&#x101;m &#x2BB;Al&#x12B; ibn Ab&#x12B; &#x1E6C;&#x101;lib,</subfield>
    <subfield code="c">ta&#x1E25;q&#x12B;q wa-shar&#x1E25; Mu&#x1E25;ammad Ab&#x16B; al-Fa&#x1E0D;l Ibr&#x101;h&#x12B;m.</subfield>
  </datafield>
  <datafield tag="250" ind1=" " ind2=" ">
    <subfield code="6">880-03</subfield>
    <subfield code="a">al-&#x1E6C;ab&#x2BB;ah 1.</subfield>
  </datafield>
  <datafield tag="260" ind1=" " ind2=" ">
    <subfield code="6">880-04</subfield>
    <subfield code="a">[Cairo] :</subfield>
    <subfield code="b">D&#x101;r I&#x1E25;y&#x101;&#x2BC; al-Kutub al-&#x2BB;Arab&#x12B;yah,</subfield>
    <subfield code="c">1963.</subfield>
  </datafield>
  <datafield tag="300" ind1=" " ind2=" ">
    <subfield code="a">2 v. ;</subfield>
    <subfield code="c">24 cm.</subfield>
  </datafield>
  <datafield tag="504" ind1=" " ind2=" ">
    <subfield code="a">Includes bibliographical references and indexes.</subfield>
  </datafield>
  <datafield tag="600" ind1="0" ind2="0">
    <subfield code="a">&#x2BB;Al&#x12B; ibn Ab&#x12B; &#x1E6C;&#x101;lib,</subfield>
    <subfield code="c">Caliph,</subfield>
    <subfield code="d">approximately 600-661</subfield>
    <subfield code="x">Hadith.</subfield>
  </datafield>
  <datafield tag="700" ind1="0" ind2=" ">
    <subfield code="a">&#x2BB;Al&#x12B; ibn Ab&#x12B; &#x1E6C;&#x101;lib,</subfield>
    <subfield code="c">Caliph,</subfield>
    <subfield code="d">approximately 600-661.</subfield>
  </datafield>
  <datafield tag="700" ind1="1" ind2=" ">
    <subfield code="a">Ibr&#x101;h&#x12B;m, Mu&#x1E25;ammad Ab&#x16B; al-Fa&#x1E0D;l.</subfield>
  </datafield>
  <datafield tag="880" ind1="1" ind2=" ">
    <subfield code="6">100-01/(3/r</subfield>
    <subfield code="a">&#x634;&#x631;&#x64A;&#x641; &#x627;&#x644;&#x631;&#x627;&#x636;&#x64A;&#x60C; &#x645;&#x62D;&#x645;&#x62F; &#x628;&#x646; &#x627;&#x644;&#x62D;&#x633;&#x64A;&#x646;.</subfield>
  </datafield>
  <datafield tag="880" ind1="1" ind2="0">
    <subfield code="6">245-02/(3/r</subfield>
    <subfield code="a">&#x646;&#x647;&#x62C; &#x627;&#x644;&#x628;&#x644;&#x627;&#x63A;&#x629; :</subfield>
    <subfield code="b">&#x648;&#x647;&#x648; &#x645;&#x627; &#x62C;&#x645;&#x639;&#x647; &#x627;&#x644;&#x634;&#x631;&#x64A;&#x641; &#x627;&#x644;&#x631;&#x636;&#x64A; &#x645;&#x646; &#x643;&#x644;&#x627;&#x645; &#x627;&#x645;&#x64A;&#x631; &#x627;&#x644;&#x645;&#x624;&#x645;&#x646;&#x64A;&#x646; &#x627;&#x644;&#x627;&#x645;&#x627;&#x645; &#x639;&#x644;&#x64A; &#x628;&#x646; &#x627;&#x628;&#x64A; &#x637;&#x627;&#x644;&#x628; /</subfield>
    <subfield code="c">&#x62A;&#x62D;&#x642;&#x64A;&#x642; &#x648;&#x634;&#x631;&#x62D; &#x645;&#x62D;&#x645;&#x62F; &#x627;&#x628;&#x648; &#x641;&#x636;&#x644; &#x627;&#x628;&#x631;&#x627;&#x647;&#x64A;&#x645;.</subfield>
  </datafield>
  <datafield tag="880" ind1=" " ind2=" ">
    <subfield code="6">250-03/(3/r</subfield>
    <subfield code="a">&#x627;&#x644;&#x637;&#x628;&#x639;&#x629; 1.</subfield>
  </datafield>
  <datafield tag="880" ind1=" " ind2=" ">
    <subfield code="6">260-04/(3/r</subfield>
    <subfield code="a">[Cairo] :</subfield>
    <subfield code="b">&#x62F;&#x627;&#x631; &#x627;&#x62D;&#x64A;&#x627;&#x621; &#x627;&#x644;&#x643;&#x62A;&#x628; &#x627;&#x644;&#x639;&#x631;&#x628;&#x64A;&#x629;&#x60C;</subfield>
    <subfield code="c">1963.</subfield>
  </datafield>
  <datafield tag="999" ind1=" " ind2=" ">
    <subfield code="c">49304</subfield>
    <subfield code="d">49304</subfield>
  </datafield>
</record>
